Statistics for Stations on Sydney's T9 Line

Click here to take the quiz!

General Stats

  • This quiz has been taken 4 times
  • The average score is 16 of 31

Answer Stats

NumberStation% Correct
18Central
75%
1Hornsby
75%
4Pennant Hills
75%
17Redfern
75%
26Artarmon
50%
5Beecroft
50%
16Burwood
50%
27Chatswood
50%
6Cheltenham
50%
13Concord West
50%
9Denistone
50%
8Eastwood
50%
7Epping
50%
31Gordon
50%
30Killara
50%
11Meadowbank
50%
21Milsons Point
50%
2Normanhurst
50%
14North Strathfield
50%
22North Sydney
50%
12Rhodes
50%
25St Leonards
50%
15Strathfield
50%
19Town Hall
50%
23Waverton
50%
10West Ryde
50%
24Wollstonecraft
50%
20Wynyard
50%
29Lindfield
25%
28Roseville
25%
3Thornleigh
25%

Score Distribution

Percentile by Number Answered

Percent of People with Each Score

Your Score History

You have not taken this quiz